La gloire de l'empire : roman /

Saved in:
Bibliographic Details
Main Author: Ormesson, Jean d', 1925-
Format: Book
Language:French
Published: Paris : Gallimard, 1971.
LEADER 00782nam a22002171a 4500
001 c000357798
003 CARM
005 00000000000000.0
008 851113s1971 fr b 00111 fre d
019 1 |a 54071775  |z 4116599  |5 LACONCORD2021 
035 |a (OCoLC)267964  |5 LACONCORD2021 
040 |d NNCU 
100 1 |a Ormesson, Jean d',  |d 1925- 
245 1 3 |a La gloire de l'empire :  |b roman /  |c Jean d'Ormesson. 
260 |a Paris :  |b Gallimard,  |c 1971. 
300 |a 536 p. ;  |c 21 cm. 
504 |a Includes bibliography and index. 
852 8 |b CARM  |h A1:AM33F0  |i B09758  |p 0441285  |f BK 
082 0 4 |a 843.914  |2 19 
999 f f |i 4b6c95d2-d7b8-51b7-a072-665a9a3d3bb2  |s 2942a45e-f0d2-50be-90bc-bfe135df18e2 
952 f f |p Can circulate  |a CAVAL  |b CAVAL  |c CAVAL  |d CARM 1 Store  |e B09758  |f A1:AM33F0  |h Other scheme  |i book  |m 0441285